000 00359nam a2200145Ia 4500
008 151213s9999 xx 000 0 und d
100 _aJohn R. Hubbard
245 _aData structures with - C++
_cJohn R. Hubbard
260 _aNew York
_bMcGraw hill
300 _a739 p.
650 _aComputer
650 _aComputer
700 _aJohn R. Hubbard
999 _c945
_d945